[Event "Challenge"]
[Site "http://www.queenalice.com/game.php?id=674791"]
[Date "2009.10.30"]
[Round "-"]
[White "emiheller"]
[Black "thedead"]
[Result "0-1"]
[WhiteElo "1511"]
[BlackElo "1475"]

1. e4 e5 2. Nf3 Nc6 3. Bc4 Be7 4. Bb5 Nf6 5. Nc3 O-O 6. Qe2 b6 7. Bc4 d6 8. a4
Bg4 9. b3 h6 10. h3 Bd7 11. h4 Bg4 12. Bb5 Nd4 13. Qd3 Nxf3+ 14. gxf3 Bh5 15.
Rg1 Nh7 16. Nd5 Bxh4 17. Bc6 Rb8 18. Qa6 Bxf3 19. Qxa7 Bxe4 20. Rg4 f5 21. d3
fxg4 22. dxe4 Bxf2+ 23. Ke2 Qh4 24. Qxc7 g3 25. Qxd6 g2 26. Ne7+ Kf7 27. Be3
Bxe3 28. Kxe3 Qxe7 29. Bd5+ Ke8 30. Qxb8+ Qd8 31. Bc6+ Ke7 32. Qb7+ Kf6 33. Rg1
Qd4+ 34. Ke2 Qxg1 35. Qxb6 Qxb6 36. Bd5 g1=Q 37. b4 Qbe3# 0-1

[Event "Challenge2"]
[Site "http://www.queenalice.com/game.php?id=674808"]
[Date "2009.10.30"]
[Round "-"]
[White "emiheller"]
[Black "samueneotaviano"]
[Result "0-1"]
[WhiteElo "1430"]
[BlackElo "1402"]

1. e4 e5 2. Bc4 c5 3. Nf3 Bd6 4. Nc3 Ne7 5. a4 b6 6. b3 a5 7. Ng5 f6 8. Nf3 g5
9. Nb5 Bc7 10. d3 h5 11. Nxc7+ Qxc7 12. h4 g4 13. Nh2 d6 14. Be3 Ba6 15. Be6
Nbc6 16. Bd5 Bb7 17. f3 Nxd5 18. exd5 Nb4 19. fxg4 Bxd5 20. gxh5 Qf7 21. Rf1
Rxh5 22. Bf2 Bxg2 23. Rg1 Bc6 24. Be3 Rxh4 25. Rh1 Bxh1 26. Qe2 f5 27. Kd2 Qh5
28. Rxh1 Qxe2+ 29. Kxe2 Nxc2 30. Bg5 Rh5 31. Bd2 Ke7 32. Kd1 Nd4 33. Ke1 Rg8 34.
Kf1 f4 35. Kf2 Nxb3 36. Kf1 Nxd2+ 37. Kf2 Kf6 38. Rd1 Nb3 39. Nf3 Kf5 40. Rb1
Rb8 41. Rxb3 d5 42. Nd2 Rh2+ 43. Ke1 Kg4 44. Rb2 f3 45. Kd1 Kf4 46. Kc1 Ke3 47.
Nf1+ Kxd3 48. Nxh2 e4 49. Rb3+ Kc4 50. Rb5 d4 51. Nf1 e3 52. Rb2 e2 53. Rc2+ Kb3
54. Nd2+ Kxa4 55. Nxf3 d3 56. Rc4+ Kb3 57. Nd2+ Ka3 58. Rc3+ Kb4 59. Rxd3 e1=Q+
60. Kc2 Qa1 61. Nb3 Qa2+ 62. Kc1 c4 63. Rd2 Qxb3 64. Rc2 c3 65. Kd1 Qb1+ 66. Rc1
Rd8+ 67. Ke2 Qxc1 68. Kf3 Rf8+ 69. Kg4 Qg1+ 70. Kh3 Rh8# 0-1

[Event "Challenge"]
[Site "http://www.queenalice.com/game.php?id=674810"]
[Date "2009.10.30"]
[Round "-"]
[White "emiheller"]
[Black "dladetto"]
[Result "0-1"]
[WhiteElo "1782"]
[BlackElo "1813"]

1. e4 c5 2. Nf3 Nc6 3. Nc3 g6 4. Bc4 e6 5. b4 cxb4 6. Na4 Bg7 7. Ne5 Bxe5 8. c3
a6 9. cxb4 b5 10. Nb6 Qxb6 11. Bxb5 Bxa1 12. a3 Qxb5 13. f3 Nf6 14. Qb3 Nd4 15.
Qb1 Qe2# 0-1

[Event "Challenge3"]
[Site "http://www.queenalice.com/game.php?id=674811"]
[Date "2009.10.30"]
[Round "-"]
[White "emiheller"]
[Black "otnedia1"]
[Result "0-1"]
[WhiteElo "1540"]
[BlackElo "1538"]

1. e4 e5 2. Nf3 Nc6 3. Bc4 Bc5 4. Nc3 Nf6 5. Nxe5 Nxe5 6. Bb5 O-O 7. f3 a6 8.
Be2 d6 9. b3 Bd4 10. Bb2 Re8 11. f4 Nc6 12. Bc4 b5 13. Bd5 Nxd5 14. Rb1 Bxc3 15.
dxc3 Rxe4+ 16. Kf2 Rxf4+ 17. Ke1 Qe8+ 18. Qe2 Bg4 19. Bc1 Bxe2 20. Bxf4 Nxf4 21.
g3 Bf3+ 22. Kd2 Qe2+ 23. Kc1 Qe3+ 24. Kb2 b4 25. cxb4 Ne2 26. Rbe1 Bxh1 27. Rxh1
Qc3+ 28. Ka3 Qxb4+ 29. Kb2 a5 30. Re1 Qxe1 31. h4 a4 32. h5 axb3 33. cxb3 Qc1#
0-1

[Event "Challenge"]
[Site "http://www.queenalice.com/game.php?id=674939"]
[Date "2009.10.30"]
[Round "-"]
[White "emiheller"]
[Black "WILSONCSQ"]
[Result "0-1"]
[WhiteElo "1592"]
[BlackElo "1607"]

1. e4 e5 2. Nf3 Nc6 3. Bc4 Nh6 4. Nc3 d6 5. b3 Be7 6. Nd5 Be6 7. Nxe7 Qxe7 8. d3
a6 9. h4 Bg4 10. g3 Nd4 11. Qd2 Nxf3+ 12. Ke2 Nxd2+ 13. Kxd2 c6 14. Rf1 b5 15.
Bxf7+ Qxf7 16. Ba3 Qf3 17. Bxd6 Nf7 18. Bc7 b4 19. Kc1 Qe2 20. Rg1 Qxf2 21. Kb2
Qd4+ 22. Kb1 Qxg1+ 23. Kb2 Qd4+ 24. Kb1 O-O 25. a3 c5 26. axb4 cxb4 27. Ra2 Rac8
28. Ba5 Qg1+ 29. Kb2 Qd1 30. Bxb4 Rxc2+ 31. Ka3 Qc1+ 32. Rb2 Qxb2+ 33. Ka4 Qa2+
34. Ba3 Rb8 35. d4 Bd7+ 36. Ka5 Qxa3# 0-1

[Event "Challenge5"]
[Site "http://www.queenalice.com/game.php?id=674982"]
[Date "2009.10.30"]
[Round "-"]
[White "emiheller"]
[Black "Grandioso"]
[Result "0-1"]
[WhiteElo "1641"]
[BlackElo "1852"]

1. e4 e5 2. Nf3 d6 3. c3 Bg4 4. Bc4 c6 5. h3 Be6 6. b3 Bxc4 7. bxc4 Be7 8. Na3
Bf6 9. Nc2 Ne7 10. Ba3 c5 11. Ne3 O-O 12. Qb3 b6 13. Nd5 Ng6 14. g4 Nc6 15.
Nxf6+ Qxf6 16. Qb5 Rfc8 17. Ke2 Nf4+ 18. Kf1 Nd3 19. Ke2 Nf4+ 20. Ke3 Qd8 21. g5
a6 22. Qb3 Na5 23. d4 Nxb3 24. Rab1 Na5 25. dxc5 Nxc4# 0-1

[Event "AUTO-ADV-1524"]
[Site "http://www.queenalice.com/game.php?id=675227"]
[Date "2009.10.30"]
[Round "1"]
[White "garca"]
[Black "emiheller"]
[Result "1-0"]
[WhiteElo "1796"]
[BlackElo "1690"]

1. e4 c5 2. Nc3 d6 3. d3 Be6 4. h3 Nf6 5. Nf3 Nc6 6. Be2 Nd4 7. O-O Nxe2+ 8.
Qxe2 g6 9. e5 Nd5 10. Nxd5 Bxd5 11. exd6 Qxd6 12. d4 Rc8 13. dxc5 Rxc5 14. Rd1
Bg7 15. Be3 Ra5 16. c4 e6 17. cxd5 exd5 18. Rd2 Kf8 19. Bd4 Qb4 20. Ne5 Bh6 21.
Nd7+ Kg8 22. Qe5 f6 23. Qxf6 Bxd2 24. Qg7# 1-0

[Event "AUTO-ADV-1524"]
[Site "http://www.queenalice.com/game.php?id=675228"]
[Date "2009.10.30"]
[Round "1"]
[White "emiheller"]
[Black "garca"]
[Result "0-1"]
[WhiteElo "1551"]
[BlackElo "1808"]

1. e4 e5 2. Nf3 d6 3. Bc4 h6 4. Nc3 Nf6 5. b3 a6 6. Ba3 Nc6 7. Qe2 Be7 8. h3 Bd7
9. Nd5 O-O 10. Nxe7+ Qxe7 11. g4 Be6 12. Nh4 Bxc4 13. bxc4 Nd4 14. Qd1 Nxe4 15.
c3 Qxh4 16. Rh2 Ne6 17. Qf3 N6c5 18. d3 Nxc3 19. Kd2 e4 20. Rd1 exf3 21. Kxc3 f5
22. gxf5 Rxf5 23. Rg2 Qxh3 24. Rdg1 fxg2 25. f4 Qxd3+ 26. Kb2 Na4+ 27. Kc1 Qxa3+
28. Kd2 Qxa2+ 29. Ke3 Re8+ 30. Kd4 Qd2# 0-1

[Event "AUTO-ADV-1524"]
[Site "http://www.queenalice.com/game.php?id=675241"]
[Date "2009.10.30"]
[Round "1"]
[White "Redtom"]
[Black "emiheller"]
[Result "1-0"]
[WhiteElo "1886"]
[BlackElo "1557"]

1. e4 Nf6 2. Nc3 d6 3. d4 Bg4 4. f3 Bd7 5. Be3 h6 6. Bc4 Nc6 7. Nge2 Nb4 8. a3
Nc6 9. g4 a5 10. h4 b6 11. Qd2 e5 12. O-O-O exd4 13. Nxd4 g5 14. hxg5 Nxd4 15.
Qxd4 Bg7 16. gxf6 Bxf6 17. Qd2 h5 18. gxh5 Qe7 19. Nd5 Qd8 20. Nxf6+ Ke7 21. Bg5
Ba4 22. Nd5+ Kf8 23. Bxd8 Rxd8 24. Qd4 Rh6 25. Rdg1 Bd7 26. Qg7+ Ke8 27. Qg8#
1-0

[Event "AUTO-ADV-1524"]
[Site "http://www.queenalice.com/game.php?id=675242"]
[Date "2009.10.30"]
[Round "1"]
[White "emiheller"]
[Black "Redtom"]
[Result "0-1"]
[WhiteElo "1418"]
[BlackElo "1921"]

1. e4 d5 2. Qf3 dxe4 3. Qxe4 Nf6 4. Qe3 Nc6 5. d4 Qxd4 6. Nc3 Bf5 7. g3 O-O-O 8.
Qg5 Bxc2 9. Nge2 Qg4 10. Qxg4+ Nxg4 11. f3 Nge5 12. Bh3+ e6 13. Kf2 Bc5+ 14. Kg2
h6 15. f4 Nc4 16. b3 Ne3+ 17. Bxe3 Bxe3 18. Raf1 Rd2 19. Kf3 Bd4 20. Nxd4 Rxd4
21. Kg2 Rhd8 22. Bg4 Rd2+ 23. Rf2 Rxf2+ 24. Kxf2 Nb4 25. a3 Nd3+ 26. Ke3 Bxb3
27. Nb5 a6 28. Na7+ Kb8 29. Rb1 Kxa7 30. Rxb3 Nc5 31. Rc3 b6 32. a4 Rd1 33. Bxd1
Kb8 34. Ra3 b5 35. Rc3 Nb7 36. axb5 axb5 37. Bg4 b4 38. Rd3 Nd6 39. Rb3 c5 40.
Rd3 Kc7 41. Ra3 bxa3 42. Kd2 a2 43. f5 exf5 44. Bf3 a1=Q 45. Ke2 Qd4 46. Ke1
Qg1+ 47. Ke2 Qxh2+ 48. Ke3 Qxg3 49. Ke2 c4 50. Bd5 Qd3+ 51. Kf2 Qxd5 52. Ke2
Qd3+ 53. Kf2 c3 54. Ke1 c2 55. Kf2 c1=Q 56. Kg2 Qcd2+ 57. Kg1 Qb1# 0-1

[Event "AUTO-ADV-1524"]
[Site "http://www.queenalice.com/game.php?id=675249"]
[Date "2009.10.30"]
[Round "1"]
[White "Pegasus"]
[Black "emiheller"]
[Result "1-0"]
[WhiteElo "1739"]
[BlackElo "1620"]

1. d4 d5 2. c4 dxc4 3. e4 Nc6 4. Bxc4 Nxd4 5. Nf3 Nxf3+ 6. Qxf3 Nf6 7. e5 Ng8 8.
Qxf7+ Kd7 9. Be6+ Kc6 10. Qf3+ Qd5 11. Qxd5+ Kb6 12. Be3+ c5 13. Qxc5+ Ka6 14.
Bc4+ b5 15. Qxb5# 1-0

[Event "AUTO-ADV-1524"]
[Site "http://www.queenalice.com/game.php?id=675250"]
[Date "2009.10.30"]
[Round "1"]
[White "emiheller"]
[Black "Pegasus"]
[Result "0-1"]
[WhiteElo "1482"]
[BlackElo "1774"]

1. e4 c5 2. Nf3 Nc6 3. Bc4 h6 4. Nc3 d6 5. Nd5 Nf6 6. Nxf6+ exf6 7. d3 Bg4 8. a4
Nd4 9. h3 Nxf3+ 10. gxf3 Bh5 11. Ra3 Bg6 12. Rb3 b6 13. h4 Bh5 14. Bd5 Rb8 15.
Rb5 a6 16. Rb3 b5 17. c4 b4 18. d4 a5 19. Bc6+ Ke7 20. Kf1 Qc7 21. dxc5 dxc5 22.
Qd5 Bg6 23. h5 Bh7 24. Qxc5+ Kd8 25. Qd5+ Kc8 26. c5 Be7 27. Rh4 f5 28. Bf4 Qd8
29. Qxf7 Bxh4 30. Qxg7 Qd1+ 31. Kg2 Rg8 32. Bd7+ Kd8 33. Bxh6 Rxg7+ 34. Bxg7
Kxd7 35. Be5 Rg8+ 36. Kh3 Qh1+ 37. Bh2 fxe4 38. fxe4 Qxe4 39. f3 Bf5# 0-1

[Event "Mais uma?"]
[Site "http://www.queenalice.com/game.php?id=691805"]
[Date "2009.12.2"]
[Round "-"]
[White "otnedia1"]
[Black "emiheller"]
[Result "1-0"]
[WhiteElo "1579"]
[BlackElo "1442"]

1. e4 e5 2. Nf3 d5 3. d3 dxe4 4. Nxe5 Qd6 5. Bf4 f6 6. Nf7 Qxf4 7. Nxh8 Bg4 8.
Be2 f5 9. g3 Qg5 10. h4 Qf6 11. Bxg4 fxg4 12. dxe4 Bb4+ 13. c3 Bc5 14. f4 Nc6
15. Qxg4 Nh6 16. Qh5+ Kd7 17. e5 Qf8 18. Ng6 Qf5 19. Qxf5+ Nxf5 20. e6+ Kxe6 21.
Ne5 Nxg3 22. Nxc6 Nxh1 23. Nd4+ Kd6 24. Nb3 Bf2+ 25. Ke2 Re8+ 26. Kf3 1-0

[Event "REGIAO CENTRO-OESTE III"]
[Site "http://www.queenalice.com/game.php?id=692714"]
[Date "2009.12.4"]
[Round "-"]
[White "perucona"]
[Black "emiheller"]
[Result "0-1"]
[WhiteElo "1547"]
[BlackElo "1408"]

1. e4 e5 2. d4 Nc6 3. d5 Nd4 4. c3 Nb5 5. c4 Nd6 6. Nc3 f6 7. Nf3 b6 8. Bd3 Nh6
9. Bxh6 gxh6 10. O-O Rg8 11. g3 h5 12. h4 Bh6 13. Ne1 a5 14. Nf3 Qe7 15. Nb5
Nxb5 16. cxb5 Qg7 17. Nd2 d6 18. Qxh5+ Ke7 19. Nf3 Bg4 20. Qxg4 Qxg4 21. Be2
Qxe4 22. Rfe1 Qb4 23. b3 Rg4 24. a3 Qxb3 25. Nd2 Bxd2 26. Rab1 Qxa3 27. Red1 Rd4
28. Kg2 Rg8 29. Rh1 Rb4 30. Rbd1 Qb2 31. Rh3 h5 32. g4 hxg4 33. Rd3 Bh6 34. Re1
e4 35. Red1 Qxe2 36. Rg3 Qxd1 37. Rc3 e3 38. fxe3 Qd2+ 39. Kg3 Qxc3 40. Kf2
Qxe3+ 41. Kg2 Rb2+ 42. Kf1 g3 43. h5 Qf2# 0-1

[Event "Challenge"]
[Site "http://www.queenalice.com/game.php?id=696115"]
[Date "2009.12.11"]
[Round "-"]
[White "emiheller"]
[Black "paulouk"]
[Result "0-1"]
[WhiteElo "1428"]
[BlackElo "1624"]

1. e4 e5 2. Bc4 Bc5 3. Nf3 Nc6 4. Nc3 Nh6 5. Na4 b6 6. Bb5 Bb7 7. Bxc6 Bxc6 8.
b3 Bxe4 9. Nxe5 Bxg2 10. Rg1 Bh3 11. Rxg7 Bxf2+ 12. Kxf2 Qf6+ 13. Qf3 Qxf3+ 14.
Kxf3 Kf8 15. Rg3 Be6 16. Bb2 f6 17. Nc4 Kf7 18. Rag1 Nf5 19. Ne3 Nxg3 20. hxg3
Rag8 21. c4 c6 22. Re1 Rg6 23. Nc3 d5 24. cxd5 cxd5 25. d4 a6 26. Na4 Rhg8 27.
Nf1 Bh3 28. Nxb6 Bxf1 29. Nxd5 Rxg3+ 30. Kf2 Rg2+ 31. Kxf1 Rxb2 32. Re7+ Kg6 33.
Re6 Rxa2 34. Nxf6 Rf8 35. Ke1 Rxf6 36. Re8 Rd6 37. Re4 Rb2 38. Rg4+ Kf5 39. Rh4
h6 40. Rh5+ Kg4 41. Re5 Rxd4 42. Rb5 axb5 43. b4 Kf3 44. Kf1 Rb1# 0-1

[Event "Challenge"]
[Site "http://www.queenalice.com/game.php?id=696151"]
[Date "2009.12.11"]
[Round "-"]
[White "emiheller"]
[Black "laoziller"]
[Result "0-1"]
[WhiteElo "1429"]
[BlackElo "1819"]

1. e4 e5 2. Bc4 Bc5 3. Nf3 d6 4. Nc3 Nf6 5. Na4 Bb4 6. c3 Ba5 7. b4 Bb6 8. Rb1
a6 9. Ng5 O-O 10. Qf3 Bg4 11. Qg3 h6 12. h3 Bh5 13. Nf3 Nxe4 14. Nxb6 cxb6 15.
Qh4 Bg6 16. g3 Nxf2 17. Kxf2 Qxh4 18. Nxh4 Bxb1 19. Ba3 Be4 20. Re1 Bc2 21. b5
axb5 22. Bxb5 Rxa3 23. Ra1 Nc6 24. Nf3 Rfa8 25. Ne1 Rxa2 26. Nxc2 Rxa1 27. Nxa1
Rxa1 28. g4 Ra2 29. Ke2 Ne7 30. Bc4 Ra1 31. h4 Rg1 32. Kf3 Ng6 33. h5 Nh4+ 34.
Ke4 Rxg4+ 35. Kd3 Ng2 36. Bb5 Nf4+ 37. Kc4 Nxh5+ 38. d4 exd4 39. cxd4 Nf6 40.
Kc3 h5 41. Kd3 h4 42. Ke3 h3 43. Be2 h2 44. Bf3 Rg3 45. Kf2 Rxf3+ 46. Kg2 h1=Q+
47. Kxh1 Rf2 48. Kg1 Ra2 49. Kf1 Ne4 50. Ke1 Rd2 51. Kf1 b5 52. Ke1 b4 53. d5 b3
54. Kf1 b2 55. Ke1 b1=Q# 0-1

[Event "Challenge"]
[Site "http://www.queenalice.com/game.php?id=696156"]
[Date "2009.12.11"]
[Round "-"]
[White "emiheller"]
[Black "JonathanSouza"]
[Result "1-0"]
[WhiteElo "1418"]
[BlackElo "1253"]

1. e4 e5 2. Bc4 Bc5 3. Nf3 Nf6 4. Nxe5 Nxe4 5. Qe2 O-O 6. Qxe4 a5 7. Qd5 c6 8.
Qxc5 b6 9. Qe3 b5 10. Bxf7+ Kh8 11. Bh5 g6 12. Bf3 d6 13. Ng4 Bf5 14. Qd4+ Kg8
15. b3 a4 16. h4 c5 17. Qd5+ Kg7 18. Qxa8 axb3 19. axb3 Nc6 20. Qxc6 Qb8 21. Ra5
Rf7 22. Rxb5 Qd8 23. Bd5 Rc7 24. Bb2+ Kf8 25. Qa6 Qc8 26. Qxd6+ Ke8 27. Nf6# 1-0

[Event "Challenge"]
[Site "http://www.queenalice.com/game.php?id=722828"]
[Date "2010.1.30"]
[Round "-"]
[White "cbarreiro"]
[Black "emiheller"]
[Result "1-0"]
[WhiteElo "1133"]
[BlackElo "1411"]

1. e4 e5 2. Nf3 Nc6 3. d3 Nf6 4. a4 Bc5 5. Qe2 Qe7 6. Ra3 Bxa3 7. bxa3 b6 8. Nc3
Ng4 9. Bg5 Qxa3 10. Nb5 Qb4+ 11. Kd1 Qxa4 12. Nxc7+ Kf8 13. Nxa8 Qa1+ 14. Kd2
Nb4 15. Nxe5 Nxe5 16. d4 Qxd4+ 17. Kc1 Bb7 18. h4 Bxe4 19. c3 Na2+ 20. Qxa2
Qxc3+ 21. Kd1 f6 22. Qxa7 fxg5 23. hxg5 Qc8 24. Nxb6 Qd8 25. Bb5 Qxg5 26. Qb8+
Kf7 27. Qd6 Bxg2 28. Nxd7 Bxh1 29. Nxe5+ Kg8 30. Qe6+ Kf8 31. Nd7# 1-0

[Event "Challenge"]
[Site "http://www.queenalice.com/game.php?id=725055"]
[Date "2010.2.3"]
[Round "-"]
[White "emiheller"]
[Black "Wettkampf"]
[Result "0-1"]
[WhiteElo "1420"]
[BlackElo "1503"]

1. e4 d5 2. exd5 Qxd5 3. c4 Qe4+ 4. Be2 Qxg2 5. Qa4+ Bd7 6. Bf3 Qxh1 7. Bxh1
Bxa4 8. b3 Bc6 9. Bxc6+ Nxc6 10. Nc3 Nd4 11. Ba3 Nc2+ 12. Kd1 Nxa3 13. Nge2 e5
14. Ng3 Bc5 0-1

[Event "Challenge"]
[Site "http://www.queenalice.com/game.php?id=733248"]
[Date "2010.2.17"]
[Round "-"]
[White "MarTraM"]
[Black "emiheller"]
[Result "1-0"]
[WhiteElo "1876"]
[BlackElo "1411"]

1. d4 Nc6 2. Nf3 d5 3. Bf4 Bf5 4. e3 g6 5. Ne5 Nxe5 6. Bxe5 f6 7. Bg3 c6 8. Bd3
Bxd3 9. Qxd3 Qd7 10. O-O h5 11. Qxg6+ Kd8 12. h3 Qe8 13. Qxe8+ Kxe8 14. Nd2 Bh6
15. c4 b5 16. cxd5 cxd5 17. b4 Rc8 18. a4 Rc2 19. Rfd1 Rb2 20. axb5 Rxb4 21.
Rdb1 a5 22. Rxb4 axb4 23. Rb1 Kd7 24. Rxb4 e6 25. b6 Ne7 26. b7 Nc6 27. b8=Q
Nxb8 28. Rxb8 Rxb8 29. Bxb8 Kc6 30. Nb3 Kb7 31. Bg3 Bf8 32. Nc5+ Bxc5 33. dxc5
Kc6 34. Bd6 e5 35. g4 hxg4 36. hxg4 Kb5 37. Kg2 d4 38. exd4 exd4 39. Kf1 d3 40.
Ke1 Kc4 41. Kd2 Kd4 42. c6 Kd5 43. c7 Kxd6 44. c8=Q Ke5 45. Qf5+ Kd4 46. Qxd3+
Ke5 47. Qf5+ Kd4 48. Qxf6+ Ke4 49. f3+ Kd5 50. g5 1-0

[Event "Challenge"]
[Site "http://www.queenalice.com/game.php?id=733261"]
[Date "2010.2.17"]
[Round "-"]
[White "emiheller"]
[Black "MarTraM"]
[Result "0-1"]
[WhiteElo "1413"]
[BlackElo "1889"]

1. e4 e5 2. Nf3 Nc6 3. Bc4 h6 4. Nc3 Nf6 5. Nd5 Bc5 6. Nxf6+ Qxf6 7. b3 O-O 8.
g4 Nd4 9. Nxd4 Bxd4 10. c3 Qxf2# 0-1